000
00324nam a22001457a 4500
008
230316b ||||| |||| 00| 0 eng d
020
_a
9781285451442
041
_a
eng
080
_2
5 EDITION
_a
338
082
_a
338COL
100
_a
24
101
_a
MANAG
245
_a
OPERATIONS MANAGEMENT
_c
COLLIER
942
_2
udc
_c
BK
999
_c
59369
_d
59369